000 00793nmc a2200289 a 4500
003 AR-BaBNM
005 20251128202901.0
008 297019s1949 ||||||||||||||000 | spa||
040 _cAR-BaBNM
100 1 _aMansilla, Lucio V.
_d1831-1913
245 1 0 _aUna excursión a los indios ranqueles
250 _a6ª ed.
260 _aBuenos Aires
_bEspasa-Calpe
_c1949
300 0 _a308 p.
490 0 _aAustral
600 1 4 _aSarmiento, Domingo Faustino
_d1868-1874
650 4 _aLITERATURA ARGENTINA
650 4 _aSIGLO DIECINUEVE
650 4 _aHISTORIA DEL EJERCITO
650 4 _aGENERACION DE 1880
650 4 _aABORIGENES ARGENTINOS
650 4 _aCONQUISTA DEL DESIERTO
655 _aLITERATURA
700 1 _aLeumann, Carlos Alberto
_eeditor
942 _cBK
998 _cMARTIN
999 _c1034
_d1034